[Event "Skalica Open 2019"]
[Site "Skalica"]
[Date "2019.08.26"]
[Round "2.18"]
[White "Sefcik, Marek"]
[Black "Kapusta, Petr"]
[Result "0-1"]
[WhiteElo "2024"]
[BlackElo "2157"]
[Annotator "ChessBase"]
[PlyCount "105"]
[EventDate "2019.08.25"]
[EventType "swiss"]
[EventCountry "SVK"]
[SourceTitle "playchess.com"]
[Source "ChessBase"]
[SourceQuality "1"]
[TimeControl "40/5400+30:1800+30"]

1. e4 {[%emt 0:00:00]} c5 {[%emt 0:00:00]} 2. Nf3 {[%emt 0:00:00]} d6 {[%emt 0:00:00]} 3. d4 {[%emt 0:00:05]} cxd4 {[%emt 0:00:00]} 4. Qxd4 {[%emt 0:00:10]} Nc6 {[%emt 0:00:06]} 5. Bb5 {[%emt 0:00:08]} Bd7 {[%emt 0:00:05]} 6. Bxc6 {[%emt 0:00:08]} Bxc6 {[%emt 0:00:05]} 7. Nc3 {[%emt 0:02:16]} h6 {[%emt 0:04:43]} 8. Be3 {[%emt 0:02:49]} Nf6 {[%emt 0:00:37]} 9. h3 {[%emt 0:08:18]} e5 {[%emt 0:00:36]} 10. Qd3 {[%emt 0:04:10]} Be7 {[%emt 0:00:18]} 11. O-O-O {[%emt 0:02:48]} O-O {[%emt 0:00:14]} 12. g4 {[%emt 0:07:15]} Qa5 {[%emt 0:38:12]} 13. Nd2 {[%emt 0:10:03]} b5 {[%emt 0:07:31]} 14. Nb3 {[%emt 0:06:28]} Qc7 {[%emt 0:00:40]} 15. g5 {[%emt 0:09:33]} hxg5 16. Bxg5 {[%emt 0:16:06]} b4 {[%emt 0:01:36]} 17. Bxf6 {[%emt 0:01:06]} bxc3 {[%emt 0:03:22]} 18. Bxe7 {[%emt 0:04:10]} cxb2+ {[%emt 0:00:13]} 19. Kxb2 {[%emt 0:00:22]} Qxe7 {[%emt 0:00:12]} 20. Qxd6 {[%emt 0:00:24]} Qxd6 {[%emt 0:03:38]} 21. Rxd6 {[%emt 0:00:02]} Bxe4 {[%emt 0:00:12]} 22. Re1 {[%emt 0:00:21]} Bf5 {[%emt 0:01:25]} 23. Rxe5 Bxh3 {[%emt 0:00:11]} 24. Ra5 {[%emt 0:01:30]} Rfe8 {[%emt 0:02:18]} 25. c4 {[%emt 0:04:41]} Re4 {[%emt 0:06:31]} 26. Rd4 {[%emt 0:00:52]} Re2+ {[%emt 0:01:48]} 27. Rd2 {[%emt 0:00:06]} Re7 {[%emt 0:00:12]} 28. Kc3 {[%emt 0:01:56]} Rc8 {[%emt 0:02:15]} 29. c5 {[%emt 0:05:13]} g6 {[%emt 0:01:13]} 30. Rd6 {[%emt 0:01:15]} Rcc7 {[%emt 0:04:18]} 31. Nd4 {[%emt 0:03:49]} Re5 {[%emt 0:02:15]} 32. Kb4 {[%emt 0:03:26]} Rb7+ {[%emt 0:00:42]} 33. Rb5 {[%emt 0:00:28]} Rc7 {[%emt 0:02:12]} 34. c6 {[%emt 0:01:36]} Re1 {[%emt 0:00:29]} 35. Ka5 {[%emt 0:01:16]} Rc1 {[%emt 0:01:32]} 36. Rb2 {[%emt 0:02:45]} Kf8 {[%emt 0:05:30]} 37. Re2 {[%emt 0:01:35]} Rc4 {[%emt 0:04:05]} 38. Re5 {[%emt 0:00:36]} Kg7 {[%emt 0:03:32]} 39. a4 {[%emt 0:00:54]} Bg2 {[%emt 0:03:45]} 40. Nb5 {[%emt 0:00:40]} Bxc6 {[%emt 0:02:33]} 41. Red5 {[%emt 0:11:56]} Rb7 {[%emt 0:08:48]} 42. Rd4 {[%emt 0:02:04]} Rc5 {[%emt 0:00:19]} 43. Kb4 {[%emt 0:02:58]} Rc2 {[%emt 0:00:08]} 44. Kb3 {[%emt 0:01:30]} Rc1 {[%emt 0:01:05]} 45. Rb4 {[%emt 0:01:52]} a5 {[%emt 0:01:44]} 46. Rxc6 {[%emt 0:09:37]} Rb1+ {[%emt 0:01:24]} 47. Ka3 {[%emt 0:00:56]} Rxb4 {[%emt 0:00:16]} 48. Ra6 {[%emt 0:00:34]} R4xb5 {[%emt 0:00:17]} 49. axb5 {[%emt 0:00:16]} Rxb5 {[%emt 0:00:07]} 50. Ka4 {[%emt 0:00:44]} Rf5 {[%emt 0:00:10]} 51. Rxa5 {[%emt 0:00:04]} Rxf2 {[%emt 0:00:13]} 52. Kb4 {[%emt 0:00:07]} Rc2 {[%emt 0:00:11]} 53. Ka4 0-1

[Event "Skalica Open 2019"]
[Site "Skalica"]
[Date "2019.08.26"]
[Round "2.19"]
[White "Chan, Naruna"]
[Black "Bilczewski, Kacper"]
[Result "1/2-1/2"]
[WhiteElo "1950"]
[BlackElo "2116"]
[Annotator "NA"]
[PlyCount "81"]
[EventDate "2019.08.25"]
[EventType "swiss"]
[EventCountry "SVK"]
[SourceTitle "playchess.com"]
[Source "ChessBase"]
[SourceQuality "1"]
[TimeControl "40/5400+30:1800+30"]

1. e4 {[%emt 0:00:00]} d6 {[%emt 0:00:05]} 2. d4 {[%emt 0:00:00]} Nf6 {[%emt 0:00:03]} 3. Nc3 {[%emt 0:00:00]} e5 {[%emt 0:00:04]} 4. Nf3 {[%emt 0:04:21]} Nbd7 {[%emt 0:00:06]} 5. Bc4 {[%emt 0:00:21]} Be7 {[%emt 0:00:11]} 6. O-O {[%emt 0:01:29]} O-O {[%emt 0:00:12]} 7. h3 {[%emt 0:00:33]} c6 {[%emt 0:00:06]} 8. a4 {[%emt 0:00:49]} a5 {[%emt 0:00:07]} 9. Ba2 {[%emt 0:09:56]} Qc7 {[%emt 0:14:39]} 10. Re1 {[%emt 0:02:50]} Nb6 {[%emt 0:00:59]} 11. Be3 {[%emt 0:05:35]} Nfd7 {[%emt 0:06:49]} 12. Qe2 {[%emt 0:15:09]} exd4 {[%emt 0:04:41]} 13. Nxd4 {[%emt 0:00:50]} Nc5 {[%emt 0:00:07]} 14. Nf5 {[%emt 0:08:38]} Bxf5 {[%emt 0:03:03]} 15. exf5 {[%emt 0:01:38]} Bf6 {[%emt 0:01:30]} 16. Qg4 {[%emt 0:04:59]} Nbd7 {[%emt 0:05:54]} 17. Bf4 {[%emt 0:10:48]} Ne5 {[%emt 0:01:47]} 18. Qh5 {[%emt 0:00:35]} Rae8 $11 {[%emt 0:06:08]} (18... Qb6 $5 {[%cal Rb6b2]} 19. Rab1 Rae8 $15) 19. Re3 {[%emt 0:06:17]} d5 {[%emt 0:06:57]} 20. Rg3 {[%emt 0:01:19]} Kh8 {[%emt 0:02:29]} 21. Rd1 {[%emt 0:03:12]} Qc8 {[%emt 0:07:18]} 22. Rf1 {[%emt 0:04:43]} g6 {[%emt 0:04:03]} 23. fxg6 {[%emt 0:00:31]} fxg6 {[%emt 0:00:06]} 24. Qd1 {[%emt 0:00:15]} Bg7 {[%emt 0:00:25]} 25. Be3 {[%emt 0:00:52]} Ne6 {[%emt 0:01:57]} 26. Ne2 {[%emt 0:01:04]} Qd8 {[%emt 0:03:39]} 27. Qd2 {[%emt 0:01:07]} Qh4 {[%emt 0:12:29]} 28. Nd4 {[%emt 0:07:53]} Nxd4 {[%emt 0:06:34]} 29. Bxd4 {[%emt 0:00:05]} Nf3+ {[%emt 0:01:55]} 30. Rxf3 {[%emt 0:03:08]} Qxd4 {[%emt 0:00:29]} 31. Qxd4 {[%emt 0:00:54]} Bxd4 {[%emt 0:00:06]} 32. Rxf8+ {[%emt 0:00:34]} Rxf8 {[%emt 0:00:04]} 33. c3 {[%emt 0:00:19]} Bc5 {[%emt 0:00:15]} 34. Bb1 {[%emt 0:02:24]} Kg7 {[%emt 0:07:51]} 35. g3 {[%emt 0:00:18]} Re8 {[%emt 0:00:07]} 36. Bd3 {[%emt 0:00:10]} Kf6 {[%emt 0:00:10]} 37. Kg2 {[%emt 0:00:09]} Re7 {[%emt 0:00:27]} 38. Rd1 {[%emt 0:00:42]} Re8 {[%emt 0:00:53]} 39. h4 {[%emt 0:00:59]} h6 {[%emt 0:00:47]} 40. Kf1 {[%emt 0:03:07]} Re7 {[%emt 0:00:21]} 41. Re1 {[%emt 0:30:20] Ke5} 1/2-1/2

[Event "Skalica Open 2019"]
[Site "Skalica"]
[Date "2019.08.26"]
[Round "2.20"]
[White "Jun, Rudolf Jr."]
[Black "Lhotska, Anna"]
[Result "1/2-1/2"]
[WhiteElo "2114"]
[BlackElo "1966"]
[Annotator "TA"]
[PlyCount "75"]
[EventDate "2019.08.25"]
[EventType "swiss"]
[EventCountry "SVK"]
[SourceTitle "playchess.com"]
[Source "ChessBase"]
[SourceQuality "1"]

{[%evp 24,75,-10,-10,-8,-9,-10,-11,-10,-69,-75,-65,0,-55,-45,-59,-31,-45,-45,-45,-45,-45,-45,-45,-45,-45,-45,-64,-62,-125,-112,-120,-120,-119,-121,-121,-126,-151,-73,-91,-31,-31,-31,-43,-13,-20,-20,-28,-28,-28,-26,-34,-40,-45]} 1. e4 c5 2. Nf3 d6 3. Bb5+ Bd7 4. Bxd7+ Qxd7 5. O-O Nc6 6. c3 Nf6 7. Re1 e6 8. d4 cxd4 9. cxd4 d5 10. e5 Ne4 11. a3 Be7 12. Nbd2 Nxd2 13. Bxd2 h6 {B52: Sicilian: Moscow Variation with 3...Bd7} (13... O-O 14. Rc1 b5 15. Rc3 h6 16. Qc2 Nb8 17. Rc7 Qe8 18. Rc1 Nd7 19. Rb7 Nb6 20. Qc7 Bd8 21. Qc6 Qxc6 22. Rxc6 {0-1 (62) Gascon del Nogal,J (2470)-Pijpers,A (2479) Apeldoorn 2018}) 14. Rc1 O-O 15. Qe2 a6 $146 {The position is equal.} ({Predecessor:} 15... Rac8 16. Qd3 a6 17. h3 Na7 18. Rxc8 {½-½ (18) Bascetta,B (2009)-Baumann,D (2075) IECC email 2009}) 16. b4 ({Better is} 16. Qd3 $11) 16... Na7 $15 17. Qd3 Nc8 (17... Rfc8 $15) 18. Qc3 (18. Re3 $11) 18... Bd8 19. Be3 b5 20. Qc6 Qxc6 21. Rxc6 Nb6 22. Nd2 Nc4 23. Nxc4 bxc4 24. f4 Be7 25. Rc7 Rfe8 26. Rc1 (26. f5 $15) 26... a5 $17 27. Bd2 axb4 28. Bxb4 Bxb4 29. axb4 {[%mdl 4096] Endgame KRR-KRR} Reb8 30. Rb1 Rb5 (30... Ra4 $142 31. b5 Ra3) 31. Rc5 Rab8 (31... Rb6 $17 32. f5 Ra3 33. Rc8+ Kh7) 32. Rxb5 $15 Rxb5 {KR-KR} 33. Kf2 c3 34. Ke3 c2 35. Rc1 Rxb4 36. Rxc2 Rb3+ 37. Kd2 Kh7 38. Rc3 {Accuracy: White = 48%, Black = 52%.} 1/2-1/2

[Event "Skalica Open 2019"]
[Site "Skalica"]
[Date "2019.08.26"]
[Round "3.1"]
[White "Demidov, Mikhail"]
[Black "Lanka, Zigurds"]
[Result "1-0"]
[WhiteElo "2556"]
[BlackElo "2395"]
[Annotator "ChessBase"]
[PlyCount "123"]
[EventDate "2019.08.25"]
[EventType "swiss"]
[EventCountry "SVK"]
[SourceTitle "playchess.com"]
[Source "ChessBase"]
[SourceQuality "1"]
[TimeControl "40/5400+30:1800+30"]

1. Nc3 {[%emt 0:00:00]} c5 {[%emt 0:00:00]} 2. e4 {[%emt 0:00:00]} Nc6 {[%emt 0:00:00]} 3. Bc4 {[%emt 0:00:00]} g6 {[%emt 0:00:03]} 4. a3 {[%emt 0:00:00]} Bg7 {[%emt 0:00:35]} 5. d3 {[%emt 0:00:00]} d6 {[%emt 0:01:04]} 6. Ba2 {[%emt 0:01:51]} Nf6 {[%emt 0:05:04]} 7. Nge2 {[%emt 0:00:50]} e5 {[%emt 0:01:03]} 8. O-O {[%emt 0:00:39]} Be6 {[%emt 0:02:48]} 9. Bxe6 {[%emt 0:07:08]} fxe6 {[%emt 0:00:40]} 10. f4 {[%emt 0:00:29]} Qd7 {[%emt 0:01:40]} 11. fxe5 {[%emt 0:02:06]} Nxe5 {[%emt 0:01:04]} 12. Bg5 {[%emt 0:00:46]} O-O {[%emt 0:00:58]} 13. Qd2 {[%emt 0:01:11]} Rf7 {[%emt 0:02:04]} 14. h3 {[%emt 0:06:03]} Raf8 {[%emt 0:00:38]} 15. Ng3 {[%emt 0:01:03]} h5 {[%emt 0:04:31]} 16. Rae1 {[%emt 0:03:47]} a6 {[%emt 0:01:33]} 17. Nce2 {[%emt 0:05:57]} Nh7 {[%emt 0:01:51]} 18. Bh6 {[%emt 0:01:49]} Rxf1+ {[%emt 0:01:11]} 19. Rxf1 {[%emt 0:00:59]} Rxf1+ {[%emt 0:00:17]} 20. Nxf1 {[%emt 0:00:08]} Bf6 {[%emt 0:04:54]} 21. Be3 {[%emt 0:00:37]} g5 {[%emt 0:02:30]} 22. b3 {[%emt 0:03:29]} Qf7 {[%emt 0:02:52]} 23. Nh2 {[%emt 0:03:17]} Be7 {[%emt 0:15:59]} 24. Ng3 {[%emt 0:07:14]} Qg6 {[%emt 0:02:10]} 25. Qa5 {[%emt 0:04:57]} g4 {[%emt 0:02:32]} 26. hxg4 {[%emt 0:02:02]} Nxg4 {[%emt 0:00:26]} 27. Nxg4 {[%emt 0:03:24]} Qxg4 {[%emt 0:00:11]} 28. Nf1 {[%emt 0:00:32]} h4 {[%emt 0:01:33]} 29. Qd2 {[%emt 0:03:58]} Bf6 {[%emt 0:02:29]} 30. Nh2 {[%emt 0:01:17]} Qh5 {[%emt 0:03:06]} 31. Qe1 {[%emt 0:03:03]} Nf8 {[%emt 0:03:39]} 32. Qf1 {[%emt 0:01:20]} Kg7 {[%emt 0:02:18]} 33. Qf3 {[%emt 0:01:08]} Qxf3 {[%emt 0:02:10]} 34. Nxf3 {[%emt 0:00:35]} Kg6 {[%emt 0:05:18]} 35. e5 {[%emt 0:00:50]} Bxe5 {[%emt 0:00:15]} 36. Nxe5+ {[%emt 0:02:52]} dxe5 {[%emt 0:00:07]} 37. Bxc5 {[%emt 0:00:04]} Nd7 {[%emt 0:00:45]} 38. Be7 {[%emt 0:00:07]} Kf5 {[%emt 0:01:20]} 39. Bxh4 {[%emt 0:01:35]} e4 {[%emt 0:00:07]} 40. dxe4+ {[%emt 0:01:13]} Kxe4 {[%emt 0:00:08]} 41. Kf2 {[%emt 0:30:47]} Nb6 {[%emt 0:33:54]} 42. Bg5 {[%emt 0:00:40]} Nd5 {[%emt 0:00:51]} 43. g4 {[%emt 0:05:05]} Nc3 {[%emt 0:01:42]} 44. a4 {[%emt 0:02:00]} e5 {[%emt 0:03:52]} 45. Bd2 {[%emt 0:05:13]} Nd5 {[%emt 0:00:05]} 46. Kg3 {[%emt 0:05:36]} Nc7 {[%emt 0:01:59]} 47. Kh4 {[%emt 0:10:34]} Ne6 {[%emt 0:01:51]} 48. g5 {[%emt 0:00:00]} Kf5 {[%emt 0:00:00]} 49. Kh5 {[%emt 0:00:00]} Nf8 {[%emt 0:00:00]} 50. c4 {[%emt 0:00:00]} Ng6 {[%emt 0:00:00]} 51. b4 {[%emt 0:00:00]} e4 {[%emt 0:00:00]} 52. b5 {[%emt 0:00:00]} Ne5 {[%emt 0:00:00]} 53. c5 {[%emt 0:00:00]} axb5 {[%emt 0:00:00]} 54. axb5 {[%emt 0:00:00]} Ke6 {[%emt 0:00:00]} 55. g6 {[%emt 0:00:00]} Nd7 {[%emt 0:00:00]} 56. Kh6 {[%emt 0:00:00]} Nf6 {[%emt 0:00:00]} 57. Bg5 {[%emt 0:00:00]} Ne8 {[%emt 0:00:00]} 58. Be3 {[%emt 0:00:00]} Nf6 {[%emt 0:00:00]} 59. Bd4 {[%emt 0:00:00]} Nd5 {[%emt 0:00:00]} 60. g7 {[%emt 0:00:00]} Ne7 {[%emt 0:00:00]} 61. Kh7 {[%emt 0:00:00]} Kd5 {[%emt 0:00:00]} 62. Bf6 {[%emt 0:00:00]} 1-0

[Event "Skalica Open 2019"]
[Site "Skalica"]
[Date "2019.08.26"]
[Round "3.2"]
[White "Pulpan, Jakub"]
[Black "Czebe, Attila"]
[Result "1-0"]
[WhiteElo "2397"]
[BlackElo "2413"]
[Annotator "TA"]
[PlyCount "31"]
[EventDate "2019.08.25"]
[EventType "swiss"]
[EventCountry "SVK"]
[SourceTitle "playchess.com"]
[Source "ChessBase"]
[SourceQuality "1"]

{[%evp 10,175,28,22,35,21,36,18,25,21,34,40,33,22,24,23,35,19,53,53,55,49,56,56,62,55,59,11,13,14,74,70,216,216,769,806,937,260,249,246,247,242,310,283,287,289,270,230,232,226,234,226,224,208,202,141,254,229,245,263,386,367,404,407,416,289,438,263,251,262,272,228,236,208,194,101,105,108,200,205,249,133,164,88,159,87,237,133,233,108,108,108,108,94,87,87,173,175,337,337,337,337,330,330,330,330,337,337,337,0,337,337,337,337,337,337,337,337,337,0,330,330,330,323,323,314,330,329,330,330,330,329,322,0,314,225,130,156,322,322,322,314,314,310,272,272,29974,29975,29975,29976,29976,29977,29975,29975,29975,29976,29976,29977,29969,5102,29970,29974,29981,29981,29982,29983,29987,29980]} 1. e4 d6 2. d4 Nf6 3. Nc3 e5 4. Nf3 Nbd7 5. Bc4 Be7 6. O-O {Threatens to win with Bxf7+!} Nb6 {C41: Philidor Defence} (6... O-O 7. Re1 c6 8. a4 a5 9. h3 Re8 10. Ba2 Bf8 11. Be3 Qc7 12. Ng5 Re7 13. f4 b6 14. fxe5 dxe5 15. d5 cxd5 16. exd5 {1-0 (16) Wang,H (2709)-Ivanchuk,V (2726) Huaian 2017}) 7. Bb3 exd4 $1 8. Qxd4 O-O {The position is equal.} 9. Bg5 Nfd7 10. Bxe7 Qxe7 11. Rfe1 Ne5 12. Nxe5 dxe5 13. Nd5 $146 ({Predecessor:} 13. Qe3 c6 14. Red1 {½-½ (40) Druska,J (2310)-Kadric,D (2459) Maribor 2012}) 13... Qd6 14. Qe3 Be6 15. Rad1 Bxd5 16. g3 {Played: c2-c4} 1-0

[Event "Skalica Open 2019"]
[Site "Skalica"]
[Date "2019.08.26"]
[Round "3.3"]
[White "Komliakov, Viktor"]
[Black "Maiorov, Nikita"]
[Result "1/2-1/2"]
[WhiteElo "2366"]
[BlackElo "2512"]
[Annotator "ChessBase"]
[PlyCount "24"]
[EventDate "2019.08.25"]
[EventType "swiss"]
[EventCountry "SVK"]
[SourceTitle "playchess.com"]
[Source "ChessBase"]
[SourceQuality "1"]
[TimeControl "40/5400+30:1800+30"]

1. e4 {[%emt 0:00:00]} e5 {[%emt 0:00:00]} 2. Nf3 {[%emt 0:00:00]} Nc6 {[%emt 0:00:00]} 3. Bc4 {[%emt 0:00:00]} Bc5 {[%emt 0:00:00]} 4. c3 {[%emt 0:00:00]} Nf6 {[%emt 0:00:00]} 5. d3 {[%emt 0:00:04]} O-O {[%emt 0:01:21]} 6. O-O {[%emt 0:11:40]} d6 {[%emt 0:07:29]} 7. Nbd2 {[%emt 0:00:20]} a6 {[%emt 0:01:13]} 8. Bb3 {[%emt 0:03:58]} Kh8 {[%emt 0:02:04]} 9. Nc4 Ba7 10. h3 {[%emt 0:06:15]} Ne7 {[%emt 0:10:39]} 11. Bg5 Ng6 12. Nh4 Ne7 1/2-1/2

[Event "Skalica Open 2019"]
[Site "Skalica"]
[Date "2019.08.26"]
[Round "3.4"]
[White "Potapov, Pavel"]
[Black "Aleksandrovskiy, Dmitriy"]
[Result "1/2-1/2"]
[WhiteElo "2496"]
[BlackElo "2284"]
[Annotator "ChessBase"]
[PlyCount "32"]
[EventDate "2019.08.25"]
[EventType "swiss"]
[EventCountry "SVK"]
[SourceTitle "playchess.com"]
[Source "ChessBase"]
[SourceQuality "1"]
[TimeControl "40/5400+30:1800+30"]

1. e4 {[%emt 0:00:00]} e6 {[%emt 0:00:00]} 2. d4 {[%emt 0:00:00]} d5 {[%emt 0:00:00]} 3. Nc3 {[%emt 0:00:17]} Bb4 {[%emt 0:00:00]} 4. e5 {[%emt 0:00:10]} c5 {[%emt 0:00:04]} 5. a3 {[%emt 0:00:12]} Ba5 {[%emt 0:00:05]} 6. b4 {[%emt 0:00:57]} cxd4 {[%emt 0:00:06]} 7. Qg4 {[%emt 0:04:49]} Kf8 {[%emt 0:00:15]} 8. Nb5 {[%emt 0:06:08]} Bc7 {[%emt 0:03:14]} 9. Qxd4 {[%emt 0:15:35]} Ne7 {[%emt 0:07:23]} 10. f4 {[%emt 0:05:09]} Bb6 {[%emt 0:04:16]} 11. Qd3 {[%emt 0:06:25]} Nf5 {[%emt 0:06:15]} 12. Nf3 {[%emt 0:00:41]} Nc6 {[%emt 0:03:54]} 13. g4 {[%emt 0:24:14]} Nh4 {[%emt 0:09:58]} 14. Nxh4 {[%emt 0:00:25]} Qxh4+ {[%emt 0:00:07]} 15. Qg3 {[%emt 0:00:06]} Qxg3+ {[%emt 0:01:00]} 16. hxg3 {[%emt 0:00:04]} Nd4 {[%emt 0:00:26]} 1/2-1/2

[Event "Skalica Open 2019"]
[Site "Skalica"]
[Date "2019.08.26"]
[Round "3.5"]
[White "Kuznetsov, Mikhail V."]
[Black "Vykouk, Jan"]
[Result "0-1"]
[WhiteElo "2261"]
[BlackElo "2477"]
[Annotator "ChessBase"]
[PlyCount "58"]
[EventDate "2019.08.25"]
[EventType "swiss"]
[EventCountry "SVK"]
[SourceTitle "playchess.com"]
[Source "ChessBase"]
[SourceQuality "1"]
[TimeControl "40/5400+30:1800+30"]

1. d4 {[%emt 0:00:00]} Nf6 {[%emt 0:00:27]} 2. Nf3 {[%emt 0:00:00]} e6 {[%emt 0:00:05]} 3. c4 {[%emt 0:00:49]} b6 {[%emt 0:00:22]} 4. g3 {[%emt 0:00:33]} Ba6 {[%emt 0:00:08]} 5. Qa4 {[%emt 0:05:10]} Bb7 {[%emt 0:00:07]} 6. Bg2 {[%emt 0:01:16]} c5 {[%emt 0:00:05]} 7. O-O {[%emt 0:01:04]} cxd4 {[%emt 0:01:13]} 8. Nxd4 {[%emt 0:03:04]} Bxg2 {[%emt 0:00:06]} 9. Kxg2 {[%emt 0:00:03]} Bc5 {[%emt 0:00:24]} 10. Rd1 {[%emt 0:00:58]} O-O {[%emt 0:00:19]} 11. Nc3 {[%emt 0:02:08]} Qc7 {[%emt 0:00:50]} 12. Bg5 {[%emt 0:07:05]} Ng4 {[%emt 0:03:26]} 13. b4 {[%emt 0:05:11]} Bxd4 {[%emt 0:03:27]} 14. Rxd4 {[%emt 0:00:20]} Ne5 {[%emt 0:04:02]} 15. Be7 {[%emt 0:11:34]} Rc8 {[%emt 0:14:41]} 16. Bd6 {[%emt 0:12:23]} Qb7+ {[%emt 0:00:07]} 17. Kg1 {[%emt 0:01:08]} Nxc4 {[%emt 0:00:13]} 18. Bxb8 {[%emt 0:02:06]} Qxb8 {[%emt 0:00:05]} 19. Qb3 {[%emt 0:09:42]} d5 {[%emt 0:00:22]} 20. e4 {[%emt 0:06:05]} Ne5 {[%emt 0:00:41]} 21. Kg2 {[%emt 0:02:13]} Qc7 {[%emt 0:01:48]} 22. Rc1 {[%emt 0:01:14]} dxe4 {[%emt 0:03:05]} 23. Rcd1 {[%emt 0:01:38]} e3 {[%emt 0:03:54]} 24. fxe3 {[%emt 0:00:50]} Qc6+ {[%emt 0:01:32]} 25. e4 {[%emt 0:00:26]} h6 {[%emt 0:00:50]} 26. Ne2 {[%emt 0:00:53]} Kh7 {[%emt 0:03:54]} 27. b5 {[%emt 0:04:28]} Qc2 {[%emt 0:00:50]} 28. R1d2 {[%emt 0:00:24]} Qc5 {[%emt 0:03:36]} 29. Kh3 {[%emt 0:02:50]} Nc4 {[%emt 0:02:46]} 0-1

[Event "Skalica Open 2019"]
[Site "Skalica"]
[Date "2019.08.26"]
[Round "3.6"]
[White "Pechac, Jergus"]
[Black "Istona, Martin"]
[Result "1-0"]
[WhiteElo "2471"]
[BlackElo "2235"]
[Annotator "ChessBase"]
[PlyCount "83"]
[EventDate "2019.08.25"]
[EventType "swiss"]
[EventCountry "SVK"]
[SourceTitle "playchess.com"]
[Source "ChessBase"]
[SourceQuality "1"]
[TimeControl "40/5400+30:1800+30"]

1. d4 {[%emt 0:00:00]} Nf6 {[%emt 0:10:47]} 2. c4 {[%emt 0:00:00]} g6 {[%emt 0:00:25]} 3. Nc3 {[%emt 0:00:00]} d5 {[%emt 0:00:06]} 4. cxd5 {[%emt 0:00:00]} Nxd5 {[%emt 0:00:18]} 5. e4 {[%emt 0:00:16]} Nxc3 {[%emt 0:00:08]} 6. bxc3 {[%emt 0:00:09]} Bg7 {[%emt 0:00:06]} 7. Be3 {[%emt 0:00:15]} c5 {[%emt 0:00:06]} 8. Rc1 {[%emt 0:00:05]} O-O {[%emt 0:00:07]} 9. Nf3 {[%emt 0:00:10]} Qa5 {[%emt 0:00:35]} 10. Qd2 {[%emt 0:00:06]} Nd7 {[%emt 0:00:13]} 11. d5 {[%emt 0:12:33]} Nf6 {[%emt 0:01:16]} 12. Bd3 {[%emt 0:00:44]} e6 {[%emt 0:11:51]} 13. c4 {[%emt 0:00:27]} Qxd2+ {[%emt 0:01:32]} 14. Nxd2 {[%emt 0:01:21]} b6 {[%emt 0:04:59]} 15. f3 {[%emt 0:00:17]} exd5 {[%emt 0:01:33]} 16. cxd5 {[%emt 0:07:45]} Nd7 {[%emt 0:08:39]} 17. O-O {[%emt 0:04:48]} f5 {[%emt 0:03:08]} 18. Bb5 {[%emt 0:04:27]} f4 {[%emt 0:13:50]} 19. Bf2 {[%emt 0:01:27]} Ne5 {[%emt 0:00:23]} 20. Rfd1 {[%emt 0:00:36]} g5 {[%emt 0:08:55]} 21. Nc4 {[%emt 0:00:59]} Rd8 {[%emt 0:00:54]} 22. a4 {[%emt 0:02:06]} Bd7 {[%emt 0:05:07]} 23. Bxd7 {[%emt 0:08:24]} Rxd7 {[%emt 0:00:45]} 24. a5 {[%emt 0:00:40]} Rb8 {[%emt 0:04:54]} 25. h4 {[%emt 0:04:34]} h6 {[%emt 0:02:23]} 26. Nxe5 {[%emt 0:05:20]} Bxe5 {[%emt 0:00:13]} 27. Kh2 {[%emt 0:00:06]} Kf7 {[%emt 0:00:29]} 28. Kh3 {[%emt 0:00:24]} Kf6 {[%emt 0:03:00]} 29. Rb1 {[%emt 0:04:39]} bxa5 {[%emt 0:16:44]} 30. Rxb8 {[%emt 0:01:20]} Bxb8 {[%emt 0:00:01]} 31. Bxc5 {[%emt 0:00:25]} Be5 {[%emt 0:00:10]} 32. Rb1 {[%emt 0:01:14]} Rc7 {[%emt 0:01:52]} 33. Rb5 {[%emt 0:00:22]} Bc3 {[%emt 0:00:25]} 34. Bf8 {[%emt 0:01:33]} gxh4 {[%emt 0:00:35]} 35. Bd6 {[%emt 0:07:26]} Rg7 {[%emt 0:00:28]} 36. Bxf4 {[%emt 0:00:16]} Be5 {[%emt 0:00:32]} 37. Bxe5+ {[%emt 0:00:27]} Kxe5 {[%emt 0:00:01]} 38. Rxa5 {[%emt 0:00:13]} Kf4 {[%emt 0:00:52]} 39. d6 {[%emt 0:00:13]} Rd7 {[%emt 0:00:37]} 40. Rf5+ {[%emt 0:00:54]} Ke3 {[%emt 0:00:07]} 41. e5 {[%emt 0:30:07]} a5 {[%emt 0:30:34]} 42. e6 {[%emt 0:00:18]} 1-0